Organizace statistické služby SRN.

Hlavné myšlienky prednášky prezidenta spolkového štatistického úradu SRN. Prísun štatistických dát v SRN. Základné organizačné zásady štatistiky v SRN. Spolkový štatistický úrad v rámci organizačnej štruktúry celoštátnej štatistiky. Postup pri spracovaní celoštátnej štatistiky. Prednosti a nevýhody...

Description complète

Enregistré dans:
Détails bibliographiques
Auteur principal: Hölder, E.
Format: Chapitre de livre
Langue:tchèque
Sujets:
Tags: Ajouter un tag
Pas de tags, Soyez le premier à ajouter un tag!

MARC

LEADER 00000naa a2200000 4500
001 r006322
005 20221125081346.0
041 0 |a cze 
044 |a [CS] 
245 1 0 |a Organizace statistické služby SRN.  |c E. Hölder 
520 |a Hlavné myšlienky prednášky prezidenta spolkového štatistického úradu SRN. Prísun štatistických dát v SRN. Základné organizačné zásady štatistiky v SRN. Spolkový štatistický úrad v rámci organizačnej štruktúry celoštátnej štatistiky. Postup pri spracovaní celoštátnej štatistiky. Prednosti a nevýhody federálneho systému. 
610 2 0 |a služby 
610 2 0 |a štatistika 
610 2 0 |a Nemecko 
610 2 0 |a úrady štatistické 
610 2 0 |a organizácia štatistiky 
610 2 0 |a údaje štatistické 
100 1 |a Hölder, E.